LEADER 01055nam--2200373---450- 001 990002937770203316 005 20070604105528.0 010 $a0-300-11682-9 035 $a000293777 035 $aUSA01000293777 035 $a(ALEPH)000293777USA01 035 $a000293777 100 $a20070604d2006----km-y0itay50------ba 101 $aeng 102 $aUS 105 $aa---||||001yy 200 1 $aNotebooks$fTennessee Williams$gedited by Margaret Bradham Thorton 210 $aNew Haven$cYale University Press$d2006 215 $aXXVI, 828 p.$cill.$d26 cm. 410 0$12001 454 1$12001 461 1$1001-------$12001 676 $a818.5403 700 1$aWILLIAMS,$bTennessee$0199944 702 1$aTHORNTON,$bMargaret Bradham 801 0$aIT$bsalbc$gISBD 912 $a990002937770203316 951 $aVII.4.A. 511$b196710 L.M.$cVII.4.A.$d00160191 959 $aBK 969 $aUMA 979 $aRIVELLI$b90$c20070604$lUSA01$h1053 979 $aRIVELLI$b90$c20070604$lUSA01$h1055 996 $aNotebooks$91030951 997 $aUNISA LEADER 01383nam--2200421---450- 001 990000662880203316 005 20100630165048.0 010 $a88-324-6684-8 035 $a0066288 035 $aUSA010066288 035 $a(ALEPH)000066288USA01 035 $a0066288 100 $a20011003d1987----km-y0itay0103----ba 101 $aita 102 $aIT 105 $a||||||||001yy 200 1 $a<> ammortamento dei beni e degli oneri pluriennali$enorme generali e tributarie, regole pretiche$fAlfonso Ghini 205 $a4 ed. 210 $aMilano$cPirola$d1987 215 $a376 p.$d24 cm 225 2 $aPirola azienda$iAmministrazione, finanza, controllo$v21 410 $12001$aPirola azienda$iAmministrazione, finanza, controllo$v21 461 1$1001-------$12001 606 0 $aAmmortamento 676 $a332 700 1$aGHINI,$bAlfonso$0113719 801 0$aIT$bsalbc$gISBD 912 $a990000662880203316 951 $aXXX.B. Coll. 123/ 7 (COLL HNU 21)$b66548 ec$cXXX.B. Coll. 123/ 7 (COLL HNU)$d00272581 959 $aBK 969 $aECO 979 $aPATTY$b90$c20011003$lUSA01$h1204 979 $c20020403$lUSA01$h1715 979 $aPATTY$b90$c20020429$lUSA01$h1114 979 $aPATRY$b90$c20040406$lUSA01$h1646 979 $aRSIAV4$b90$c20100630$lUSA01$h1650 996 $aAmmortamento dei beni e degli oneri pluriennali$9421520 997 $aUNISA